000 00577nam a2200181 i 4500
001 126213
003 ES-MaACL
005 20231227062635.0
007 t|
008 070214s1951 sp |||| | spa d
245 0 0 _aReliquias de la poesía épica española /
_cpublicadas por R. Menéndez Pidal.
260 _aMadrid :
_bEspasa-Calpe,
_c1951.
300 _aLXXVIII, 292 p. ;
_c30 cm.
650 4 _aPoesía épica española-
_xHistoria y crítica.
_916163
700 1 _aMenéndez Pidal, Ramón,
_d1869-1968
_980315
852 _aES-MaACL
_jC-10751
999 _c126213
_d126213